Revisiting Lyngdoh Committee report: an introspection (Record no. 510502)

000 -LEADER
fixed length control field 00434nam a2200157 4500
008 - FIXED-LENGTH DATA ELEMENTS--GENERAL INFORMATION
fixed length control field 190820b ||||| |||| 00| 0 eng d
100 ## - MAIN ENTRY--PERSONAL NAME
Personal name Govil, Punita
245 ## - TITLE STATEMENT
Title Revisiting Lyngdoh Committee report: an introspection
260 ## - PUBLICATION, DISTRIBUTION, ETC. (IMPRINT)
Date of publication, distribution, etc 2019
300 ## - PHYSICAL DESCRIPTION
Extent p.21-28.
650 ## - SUBJECT ADDED ENTRY--TOPICAL TERM
Topical term or geographic name as entry element Lyngdoh Committee Report
9 (RLIN) 8601
650 ## - SUBJECT ADDED ENTRY--TOPICAL TERM
Topical term or geographic name as entry element Students unions
9 (RLIN) 8602
773 ## - HOST ITEM ENTRY
Main entry heading University News
906 ## - LOCAL DATA ELEMENT F, LDF (RLIN)
Subject DIP Students union
942 ## - ADDED ENTRY ELEMENTS (KOHA)
Source of classification or shelving scheme
Item type Articles
Holdings
Withdrawn status Lost status Source of classification or shelving scheme Damaged status Not for loan Permanent location Current location Date acquired Serial Enumeration / chronology Barcode Date last seen Koha item type
          Indian Institute of Public Administration Indian Institute of Public Administration 2019-08-20 57(22), 03 Jun, 2019: p.21-28. AR120369 2019-08-20 Articles

Powered by Koha